[Event "DEM U10w 2019"]
[Site "Willingen GER"]
[Date "2019.06.10"]
[Round "4"]
[White "Le, Thao-Linh"]
[Black "Helber, Anna"]
[Result "1-0"]
[Termination "normal"]
[Board "17"]
[WhiteElo "1014"]
[BlackElo "896"]
[PlyCount "77"]
[WhiteFideId "16279131"]
[BlackFideId "16287290"]
[EventCountry "GER"]
[EventRounds "11"]
[EventType "swiss"]
[EventDate "2019.06.08"]

1. e4 e5 2. f4 exf4 3. Bc4 Bc5 4. Nf3 Nf6 5. Nc3 O-O 6. d4 Bb6 7. O-O d6 8.
Bxf4 Bd7 9. Kh1 Qe7 10. Qe2 Nc6 11. Qe3 Rae8 12. Rae1 Ng4 13. Qd3 Be6 14. Bxe6
fxe6 15. g3 Nb4 16. Qe2 c5 17. a3 Na6 18. Qd3 Ba5 19. e5 Bc7 20. Ng5 g6 21. h3
Nh6 22. Nge4 Nf7 23. Nf6+ Kh8 24. Nxe8 Rxe8 25. exd6 Nxd6 26. dxc5 Nxc5 27.
Qd4+ Kg8 28. Qxc5 b6 29. Qc6 a6 30. Bh6 Nf5 31. Bf4 e5 32. Qc4+ Kf8 33. Bh6+
Qg7 34. Bxg7+ Kxg7 35. Qxc7+ Kf8 36. Rxe5 Rxe5 37. Qxe5 b5 38. Rxf5+ gxf5 39.
Qxf5+ 1-0

[Event "DEM U10w 2019"]
[Site "Willingen GER"]
[Date "2019.06.10"]
[Round "4"]
[White "Struebel, Katharina"]
[Black "Tran, Hanna Emilie Mai Hoa"]
[Result "1/2-1/2"]
[Termination "normal"]
[Board "18"]
[WhiteElo "852"]
[BlackElo "1010"]
[PlyCount "107"]
[WhiteFideId "16284879"]
[BlackFideId "16267869"]
[EventCountry "GER"]
[EventRounds "11"]
[EventType "swiss"]
[EventDate "2019.06.08"]

1. e4 e5 2. Nf3 Nc6 3. Bc4 Nf6 4. d3 Bc5 5. Bg5 O-O 6. Nc3 d6 7. Nd5 Bg4 8.
Bxf6 gxf6 9. h3 Be6 10. Bb3 Bxd5 11. Bxd5 Na5 12. a3 c6 13. b4 cxd5 14. bxc5
dxe4 15. cxd6 Qxd6 16. dxe4 Qxd1+ 17. Rxd1 Nc4 18. a4 Nb2 19. Rb1 Nxa4 20. Rxb7
Nc5 21. Rb4 Rab8 22. Rxb8 Rxb8 23. Ke2 Nxe4 24. Ra1 Ra8 25. Ke3 Ng5 26. Nxg5
fxg5 27. Ra5 f6 28. Ke4 Kg7 29. Kf5 a6 30. Rc5 a5 31. Rc7+ Kh6 32. Kxf6 Rf8+
33. Kxe5 Rxf2 34. Ra7 Re2+ 35. Kd5 Rxg2 36. Rxa5 Rf2 37. Ra6+ Kh5 38. c4 Rf3
39. c5 Rf5+ 40. Kc4 Rf4+ 41. Kb5 Rf5 42. Kb6 Rf3 43. c6 Rxh3 44. c7 Rc3 45. Ra5
Rxc7 46. Kxc7 Kh4 47. Ra1 h5 48. Rh1+ Kg4 49. Kc6 h4 50. Kd5 h3 51. Ke4 Kg3 52.
Kf5 Kg2 53. Rxh3 Kxh3 54. Kxg5 1/2-1/2

[Event "DEM U10w 2019"]
[Site "Willingen GER"]
[Date "2019.06.10"]
[Round "4"]
[White "Müller, Riyanna"]
[Black "Janssen, Julika"]
[Result "1-0"]
[Termination "normal"]
[Board "20"]
[WhiteElo "918"]
[BlackElo "839"]
[PlyCount "45"]
[WhiteFideId "16287401"]
[BlackFideId "16287339"]
[EventCountry "GER"]
[EventRounds "11"]
[EventType "swiss"]
[EventDate "2019.06.08"]

1. e4 e5 2. Nf3 Nc6 3. Bc4 Bc5 4. Nc3 d6 5. d3 Nf6 6. Be3 Nd4 7. h3 Be6 8. Bxe6
fxe6 9. Bxd4 exd4 10. Ne2 e5 11. Qd2 Qd7 12. Ng3 O-O-O 13. O-O b6 14. b4 Bxb4
15. Qxb4 Rhf8 16. Qa3 Kb8 17. Rab1 d5 18. Qa6 Qc6 19. Nxe5 Qxc2 20. Rfc1 Qd2
21. Nc6+ Ka8 22. Nxd8 Qf4 23. Qb7# 1-0

[Event "DEM U10w 2019"]
[Site "Willingen GER"]
[Date "2019.06.10"]
[Round "4"]
[White "Engeln, Helene"]
[Black "Orlova, Anna-Daria"]
[Result "0-1"]
[Termination "normal"]
[Board "21"]
[WhiteElo "825"]
[BlackElo "1095"]
[PlyCount "62"]
[WhiteFideId "16287274"]
[BlackFideId "16275381"]
[EventCountry "GER"]
[EventRounds "11"]
[EventType "swiss"]
[EventDate "2019.06.08"]

1. e4 e5 2. Nf3 Nc6 3. Bc4 Bc5 4. c3 d6 5. d4 Bb6 6. O-O Bg4 7. Be3 Nf6 8. Nbd2
Qd7 9. Qa4 a6 10. dxe5 dxe5 11. Bxb6 cxb6 12. h3 Bh5 13. b4 b5 14. Bxb5 O-O 15.
Be2 Bxf3 16. Bxf3 Qxd2 17. Rad1 Qxc3 18. Rd6 Qxb4 19. Qd1 Rad8 20. Bh5 Rxd6 21.
Qf3 Nxh5 22. Qxh5 Qxe4 23. f3 Qe2 24. Rf2 Rd1+ 25. Rf1 Rxf1+ 26. Kh2 e4 27. Qg5
exf3 28. h4 fxg2 29. Qg3 g1=Q+ 30. Kh3 Rf3 31. Qxf3 Qxf3# 0-1